Statistics for Super Bowl Winners

Click here to take the quiz!

General Stats

  • This quiz has been taken 685 times
    (477 since last reset)
  • The average score is 48 of 52

Answer Stats

Super BowlTeam% Correct
XXXVIIINew England Patriots
99%
XXXIXNew England Patriots
99%
XXXVINew England Patriots
99%
IGreen Bay Packers
98%
IIGreen Bay Packers
98%
XLVGreen Bay Packers
98%
XXXIGreen Bay Packers
98%
LINew England Patriots
98%
XLINew England Patriots
98%
LIIPhiladelphia Eagles
95%
XXVIIDallas Cowboys
94%
XXVIIIDallas Cowboys
94%
VIDallas Cowboys
94%
XIIDallas Cowboys
94%
XXXDallas Cowboys
94%
50Denver Broncos
94%
XXXIIIDenver Broncos
94%
XXXIIDenver Broncos
94%
IVKansas City Chiefs
94%
IXPittsburgh Steelers
94%
XPittsburgh Steelers
94%
XLPittsburgh Steelers
94%
XIVPittsburgh Steelers
94%
XLIIIPittsburgh Steelers
94%
XIIIPittsburgh Steelers
94%
XLVINew York Giants
93%
XLIINew York Giants
93%
XXINew York Giants
93%
XXVNew York Giants
93%
IXXXSan Francisco 49ers
93%
IXXVSan Francisco 49ers
93%
XVISan Francisco 49ers
93%
XXIIISan Francisco 49ers
93%
XIXSan Francisco 49ers
93%
XXXVBaltimore Ravens
92%
IIINew York Jets
92%
XXXIVSt Louis Rams
92%
VBaltimore Colts
91%
XLVIIBaltimore Ravens
91%
XLIIndianapolis Colts
91%
XLVIIISeattle Seahawks
91%
XVIIILos Angeles Raiders
88%
XIOakland Raiders
88%
XVOakland Raiders
88%
VIIMiami Dolphins
87%
VIIIMiami Dolphins
87%
XLIVNew Orleans Saints
86%
XXChicago Bears
85%
XVIIWashington Redskins
83%
XXVIWashington Redskins
83%
XXIIWashington Redskins
83%
XXXVIITampa Bay Buccaneers
79%

Score Distribution

Percentile by Number Answered

Percent of People with Each Score

Your Score History

You have not taken this quiz since the last reset